[Event "ENCI Limburg-open B"]
[Site "Maastricht"]
[Date "2012.05.27"]
[Round "5"]
[White "Mischke, Daniel"]
[Black "Dijkstra, Hidde"]
[Result "1/2-1/2"]
[WhiteElo "1718"]
[BlackElo "1665"]
[PlyCount "71"]
[EventDate "2012.05.25"]
[EventType "swiss"]
[EventRounds "7"]
[EventCountry "NED"]
[Source "P.Boonen"]
[SourceDate "2013.01.01"]

1. d4 d5 2. c4 dxc4 3. Nf3 c5 4. d5 Nf6 5. Nc3 e6 6. Qa4+ Qd7 7. Qxd7+ Bxd7 8.
dxe6 Bxe6 9. Nb5 Na6 10. Bf4 Nd5 11. Bg3 Bd7 12. Nd6+ Bxd6 13. Bxd6 c3 14.
O-O-O cxb2+ 15. Kxb2 Nf6 16. Ne5 Bb5 17. f3 b6 18. e4 Bxf1 19. Rhxf1 Nb8 20.
Rd2 Nbd7 21. Nc6 h5 22. e5 Nh7 23. Re1 Nhf8 24. Bxf8 Nxf8 25. Red1 Ne6 26. Rd7
O-O 27. Rb7 g6 28. Rdd7 Nd4 29. Nxd4 cxd4 30. Rxd4 Rad8 31. Rbd7 Rxd7 32. Rxd7
a5 33. Rb7 Rd8 34. Kc2 Rd5 35. Rxb6 Rxe5 36. Kd3 1/2-1/2

[Event "ENCI Limburg-open B"]
[Site "Maastricht"]
[Date "2012.05.27"]
[Round "5"]
[White "Modder, Frank"]
[Black "Freer, Glenn"]
[Result "1/2-1/2"]
[WhiteElo "1896"]
[BlackElo "1913"]
[PlyCount "28"]
[EventDate "2012.05.25"]
[EventType "swiss"]
[EventRounds "7"]
[EventCountry "NED"]
[Source "P.Boonen"]
[SourceDate "2013.01.01"]

1. d4 Nf6 2. Bg5 c5 3. Bxf6 exf6 4. e3 b6 5. Nf3 a6 6. Bd3 Bb7 7. c4 g6 8. O-O
Bg7 9. Nc3 O-O 10. Rc1 Re8 11. Re1 d6 12. Bf1 Nd7 13. g3 f5 14. Bg2 Qc7 1/2-1/2

[Event "ENCI Limburg-open B"]
[Site "Maastricht"]
[Date "2012.05.27"]
[Round "5"]
[White "Paajala, Niki"]
[Black "Van Ginneken, Jeroen"]
[Result "1-0"]
[WhiteElo "1967"]
[BlackElo "1718"]
[PlyCount "77"]
[EventDate "2012.05.25"]
[EventType "swiss"]
[EventRounds "7"]
[EventCountry "NED"]
[Source "P.Boonen"]
[SourceDate "2013.01.01"]

1. d4 d5 2. c4 dxc4 3. Nc3 e5 4. d5 Nf6 5. e4 Bb4 6. Qa4+ Nc6 7. dxc6 Bxc3+ 8.
bxc3 bxc6 9. Qxc6+ Bd7 10. Qxc4 Rb8 11. Be2 O-O 12. a4 Be6 13. Qd3 Qxd3 14.
Bxd3 Rfd8 15. Bc2 Bb3 16. Bxb3 Rxb3 17. Ne2 Nxe4 18. O-O Nxc3 19. Nxc3 Rxc3 20.
Be3 a6 21. Rfc1 Rdd3 22. Rxc3 Rxc3 23. Kf1 f6 24. a5 Kf7 25. Rc1 Rxc1+ 26. Bxc1
Ke6 27. Ke2 Kd5 28. Kd3 c5 29. Be3 g5 30. g4 h6 31. h3 c4+ 32. Kc3 Ke4 33. Kxc4
f5 34. gxf5 Kxf5 35. Kd3 h5 36. f3 h4 37. Bd2 Kg6 38. Ke4 g4 39. fxg4 1-0

[Event "ENCI Limburg-open B"]
[Site "Maastricht"]
[Date "2012.05.27"]
[Round "5"]
[White "Persoons, Bart"]
[Black "Armino, Leo"]
[Result "0-1"]
[WhiteElo "1760"]
[BlackElo "1996"]
[PlyCount "78"]
[EventDate "2012.05.25"]
[EventType "swiss"]
[EventRounds "7"]
[EventCountry "NED"]
[Source "P.Boonen"]
[SourceDate "2013.01.01"]

1. d4 d5 2. c4 e6 3. Nc3 c5 4. cxd5 cxd4 5. Qxd4 Nc6 6. Qd1 exd5 7. e3 Nf6 8.
Nf3 Bc5 9. Be2 O-O 10. O-O Be6 11. Nb5 Re8 12. b3 Ne4 13. Bb2 Qe7 14. Nbd4 Bd7
15. Nxc6 bxc6 16. Bd4 Ba3 17. Qc2 Bf5 18. Bd3 c5 19. Bb2 c4 20. bxc4 dxc4 21.
Bxa3 Qxa3 22. Bxe4 Bxe4 23. Qxc4 Bd3 24. Qb3 Qxb3 25. axb3 Bxf1 26. Kxf1 g6 27.
Nd4 a5 28. Ke2 Rec8 29. Kd2 Rd8 30. Ke2 Rd5 31. b4 a4 32. b5 a3 33. Ra2 Ra4 34.
Kd3 Rc5 35. Kd2 Kf8 36. b6 Rc8 37. b7 Rb8 38. Nb3 Rxb7 39. Nc5 Rb2+ 0-1

[Event "ENCI Limburg-open B"]
[Site "Maastricht"]
[Date "2012.05.27"]
[Round "5"]
[White "Peter, Laurenz"]
[Black "Begri, Felix"]
[Result "0-1"]
[WhiteElo "1880"]
[BlackElo "1893"]
[PlyCount "78"]
[EventDate "2012.05.25"]
[EventType "swiss"]
[EventRounds "7"]
[EventCountry "NED"]
[Source "P.Boonen"]
[SourceDate "2013.01.01"]

1. d4 Nf6 2. c4 e6 3. Nf3 d5 4. g3 Be7 5. Bg2 O-O 6. O-O dxc4 7. Qc2 a6 8. a4
Bd7 9. Ne5 Nd5 10. Qxc4 b5 11. Qb3 Nc6 12. Bxd5 exd5 13. Qxd5 Nxe5 14. Qxe5 Bf6
15. Qc5 Bh3 16. Rd1 Re8 17. Nc3 c6 18. f3 Bd7 19. Bf4 Be7 20. Bd6 Bxd6 21. Qxd6
Re6 22. Qc5 Rg6 23. Kf2 Rh6 24. h4 f5 25. Rh1 b4 26. Qxb4 f4 27. Ne4 fxg3+ 28.
Kxg3 Rg6+ 29. Kf2 Rb8 30. Qc3 Be6 31. Ng5 Bd5 32. e4 Rb3 33. Qc2 Qb8 34. Rab1
Bf7 35. e5 Bd5 36. Rh3 Qb4 37. Kg2 Qxd4 38. Qe2 Rd3 39. Kh2 Rd2 0-1

[Event "ENCI Limburg-open B"]
[Site "Maastricht"]
[Date "2012.05.27"]
[Round "5"]
[White "Pijlman, Rene"]
[Black "Lentjes, Noud"]
[Result "0-1"]
[WhiteElo "1990"]
[BlackElo "1940"]
[PlyCount "90"]
[EventDate "2012.05.25"]
[EventType "swiss"]
[EventRounds "7"]
[EventCountry "NED"]
[Source "P.Boonen"]
[SourceDate "2013.01.01"]

1. e4 c5 2. Nc3 e6 3. f4 d5 4. Nf3 Nc6 5. Bb5 Nf6 6. e5 Nd7 7. Bxc6 bxc6 8. d3
Be7 9. O-O Ba6 10. b3 Qc7 11. Qe1 Rg8 12. Na4 h6 13. c4 d4 14. Kh1 g5 15. g3
O-O-O 16. Ba3 h5 17. Rb1 gxf4 18. gxf4 Rdf8 19. Qe2 Rg4 20. Nd2 f6 21. Ne4 fxe5
22. Bxc5 Nxc5 23. Naxc5 Bxc5 24. Nxc5 Bb7 25. Qxe5 Qxe5 26. fxe5 Rgf4 27. Rxf4
Rxf4 28. Rg1 Rf7 29. Rg8+ Kc7 30. Rg7 Rxg7 31. Nxe6+ Kd7 32. Nxg7 c5+ 33. Kg1
Bf3 34. Nf5 Ke6 35. Ng3 h4 36. Nh1 Kxe5 37. Nf2 Kf4 38. Kf1 Ke3 39. Ke1 a5 40.
Nh3 Kxd3 41. Nf4+ Kc2 42. Kf2 Be4 43. Ne6 d3 44. Nxc5 d2 45. Nxe4 d1=Q 0-1

[Event "ENCI Limburg-open B"]
[Site "Maastricht"]
[Date "2012.05.27"]
[Round "5"]
[White "Ramaekers, Philippe"]
[Black "Klein, Gernot"]
[Result "1-0"]
[WhiteElo "1896"]
[BlackElo "1971"]
[PlyCount "63"]
[EventDate "2012.05.25"]
[EventType "swiss"]
[EventRounds "7"]
[EventCountry "NED"]
[Source "P.Boonen"]
[SourceDate "2013.01.01"]

1. e4 c5 2. Nf3 e6 3. d4 cxd4 4. Nxd4 a6 5. Nc3 b5 6. a3 Bb7 7. Bd3 Nc6 8. Nxc6
Bxc6 9. O-O Bc5 10. Qe2 Ne7 11. Kh1 Ng6 12. f4 O-O 13. Bd2 f5 14. exf5 exf5 15.
Be1 Re8 16. Qh5 Qf6 17. Bxf5 b4 18. axb4 Bxb4 19. Bd3 Re7 20. Nd5 Bxd5 21.
Qxd5+ Qe6 22. Qxa8+ Re8 23. Qxa6 Qe7 24. Qc4+ d5 25. Qxb4 Qf6 26. Bc3 Qh4 27.
Qd4 Qh6 28. Ra7 Ne7 29. Re1 g6 30. Qh8+ Kf7 31. Qf6+ Kg8 32. Rexe7 1-0

[Event "ENCI Limburg-open B"]
[Site "Maastricht"]
[Date "2012.05.27"]
[Round "5"]
[White "Ringeltaube, Denny"]
[Black "Kuryliw, Ray"]
[Result "0-1"]
[WhiteElo "1749"]
[BlackElo "1897"]
[PlyCount "104"]
[EventDate "2012.05.25"]
[EventType "swiss"]
[EventRounds "7"]
[EventCountry "NED"]
[Source "P.Boonen"]
[SourceDate "2013.01.01"]

1. d4 e6 2. Nf3 b6 3. e3 Nf6 4. Nbd2 d5 5. Bd3 Nbd7 6. Qe2 Bb7 7. e4 dxe4 8.
Nxe4 Be7 9. Bf4 O-O 10. O-O Nxe4 11. Bxe4 Bxe4 12. Qxe4 Nf6 13. Qd3 c5 14. Rad1
cxd4 15. Qxd4 Qxd4 16. Nxd4 Rac8 17. c3 a6 18. Bg5 h6 19. Bxf6 Bxf6 20. f4 Rfd8
21. Nf3 Kf8 22. Kf2 Ke7 23. Ke2 Rc5 24. Rxd8 Kxd8 25. Rd1+ Kc7 26. Kd3 Ra5 27.
a3 Kc6 28. Kc2 Ra4 29. g3 Ra5 30. Nd4+ Bxd4 31. Rxd4 e5 32. fxe5 Rxe5 33. Rd2
f5 34. c4 g5 35. b4 Re4 36. Kc3 f4 37. gxf4 Rxf4 38. a4 Rf5 39. Re2 h5 40. Re6+
Kc7 41. Re2 g4 42. Kd4 Kd6 43. Kc3 h4 44. Kd4 g3 45. hxg3 hxg3 46. Rg2 Rg5 47.
Ke4 Rg4+ 48. Kd3 Ke5 49. c5 Rxb4 50. cxb6 Rxb6 51. Ra2 Kf4 52. Re2 Rd6+ 0-1

[Event "ENCI Limburg-open B"]
[Site "Maastricht"]
[Date "2012.05.27"]
[Round "5"]
[White "Roefe, Detlef"]
[Black "Behr, Rene Christian"]
[Result "1/2-1/2"]
[WhiteElo "1993"]
[BlackElo "1820"]
[PlyCount "58"]
[EventDate "2012.05.25"]
[EventType "swiss"]
[EventRounds "7"]
[EventCountry "NED"]
[Source "P.Boonen"]
[SourceDate "2013.01.01"]

1. d4 Nf6 2. c4 e6 3. Nf3 c5 4. e3 b6 5. Nbd2 Bb7 6. Be2 Nc6 7. b3 cxd4 8. exd4
d5 9. Bb2 Bd6 10. O-O O-O 11. a3 a5 12. Bd3 Rc8 13. Qe2 Qc7 14. Rac1 Qe7 15.
Ra1 Rfd8 16. Rfd1 Qc7 17. Rdc1 Qe7 18. h3 Nd7 19. cxd5 exd5 20. Qxe7 Bxe7 21.
Nf1 Nf8 22. Ne3 Ne6 23. Bf5 Bf6 24. Bxe6 fxe6 25. Ng4 Ba6 26. Nxf6+ gxf6 27.
Rc2 Ne7 28. Rac1 Rxc2 29. Rxc2 Rc8 1/2-1/2

[Event "ENCI Limburg-open B"]
[Site "Maastricht"]
[Date "2012.05.27"]
[Round "5"]
[White "Santiago, Gerardo"]
[Black "Bieberle, Gerhart"]
[Result "1-0"]
[WhiteElo "1714"]
[BlackElo "1887"]
[PlyCount "119"]
[EventDate "2012.05.25"]
[EventType "swiss"]
[EventRounds "7"]
[EventCountry "NED"]
[Source "P.Boonen"]
[SourceDate "2013.01.01"]

1. e4 g6 2. d4 Bg7 3. Be3 d6 4. Bc4 c6 5. Bb3 e6 6. Nc3 Ne7 7. Qd2 O-O 8. Bh6
Nd7 9. h4 d5 10. h5 Bh8 11. Bxf8 Qxf8 12. hxg6 fxg6 13. O-O-O Bg7 14. Kb1 b5
15. exd5 exd5 16. Nf3 Nf6 17. Ne5 a5 18. a4 b4 19. Ne2 Bf5 20. Ng3 Rc8 21. f3
Qd8 22. Nxf5 Nxf5 23. g4 Ne7 24. f4 Qd6 25. g5 Nh5 26. Rxh5 gxh5 27. Qe2 Bxe5
28. dxe5 Qg6 29. Qa6 Qe4 30. Rf1 Rf8 31. Qxa5 h4 32. Qc5 Re8 33. Qd6 Qg2 34.
Qe6+ Kf8 35. Qh6+ Kg8 36. Qe6+ Kf8 37. Qf6+ Kg8 38. Rc1 h3 39. e6 Rf8 40. Qxe7
h2 41. g6 hxg6 42. Qh4 Qg1 43. a5 Re8 44. e7 Rxe7 45. Qxe7 Qxc1+ 46. Kxc1 h1=Q+
47. Kd2 Qh2+ 48. Kd3 Qxf4 49. a6 Qf1+ 50. Qe2 Qf7 51. Ba4 Qd7 52. Qe5 Kf7 53.
Qf4+ Kg7 54. Qd4+ Kh6 55. a7 Qf5+ 56. Kd2 Qc8 57. Qf4+ Kh5 58. Qb8 Qg4 59. Qh8+
Kg5 60. a8=Q 1-0

[Event "ENCI Limburg-open B"]
[Site "Maastricht"]
[Date "2012.05.27"]
[Round "5"]
[White "Schubert, Karl"]
[Black "Alvarez Carbajales, Fermin"]
[Result "1-0"]
[WhiteElo "1879"]
[BlackElo "1954"]
[PlyCount "115"]
[EventDate "2012.05.25"]
[EventType "swiss"]
[EventRounds "7"]
[EventCountry "NED"]
[Source "P.Boonen"]
[SourceDate "2013.01.01"]

1. d4 d6 2. e4 g6 3. Nc3 Bg7 4. h3 Nd7 5. Be3 e6 6. Be2 Ne7 7. a4 O-O 8. Qd2 a6
9. Nf3 b6 10. O-O Bb7 11. Ra3 c5 12. Rd1 d5 13. exd5 Nxd5 14. Nxd5 Bxd5 15. c4
Bb7 16. b4 cxb4 17. Qxb4 Qc7 18. a5 bxa5 19. Qxa5 Rfc8 20. c5 Nf6 21. Qxc7 Rxc7
22. Bf4 Rcc8 23. Rb1 Be4 24. Rd1 Nd5 25. Bd6 Nb4 26. Ne5 Bc2 27. Rda1 Be4 28.
Bxa6 Rd8 29. Bb5 f6 30. Nd7 Rxa3 31. Rxa3 Nc6 32. Bxc6 Bxc6 33. Nb6 Bh6 34. f4
Bf8 35. Bxf8 Kxf8 36. Rd3 Ke7 37. Kf2 Be4 38. Rd2 Bc6 39. g3 h6 40. Ke3 Bb7 41.
Ra2 Bd5 42. Ra7+ Ke8 43. Rh7 h5 44. Rg7 e5 45. dxe5 fxe5 46. Rxg6 exf4+ 47.
Kxf4 Bf7 48. Rd6 Ke7 49. Rxd8 Kxd8 50. h4 Kc7 51. Ke5 Kc6 52. Kd4 Be6 53. Nc4
Bh3 54. Ne5+ Kc7 55. Ke3 Bf1 56. Kf4 Kd8 57. Kg5 Be2 58. Ng6 1-0

[Event "ENCI Limburg-open B"]
[Site "Maastricht"]
[Date "2012.05.27"]
[Round "5"]
[White "Snoeks, Pieter Jan"]
[Black "Kronseder, Michael"]
[Result "1-0"]
[WhiteElo "1719"]
[BlackElo "1754"]
[PlyCount "81"]
[EventDate "2012.05.25"]
[EventType "swiss"]
[EventRounds "7"]
[EventCountry "NED"]
[Source "P.Boonen"]
[SourceDate "2013.01.01"]

1. d4 Nf6 2. c4 c5 3. d5 e6 4. Nc3 exd5 5. cxd5 d6 6. e4 g6 7. Nf3 Bg7 8. Be2
O-O 9. O-O Na6 10. Bg5 Nc7 11. Re1 h6 12. Bh4 g5 13. Nxg5 hxg5 14. Bxg5 Qe8 15.
Bd3 Ng4 16. h3 Qe5 17. hxg4 Qxg5 18. Be2 b5 19. g3 Bd4 20. Kg2 b4 21. Na4 Ba6
22. Bxa6 Nxa6 23. f4 Qg7 24. Qe2 f6 25. Qxa6 Qxg4 26. Qxd6 Kg7 27. Qe6 Qg6 28.
Rac1 Rae8 29. Qd7+ Kg8 30. Kf3 f5 31. e5 Qg4+ 32. Kg2 Rd8 33. Qe6+ Kg7 34. d6
Rde8 35. Qd5 Rh8 36. Nxc5 Rh3 37. Ne4 Reh8 38. Rc7+ Kh6 39. Qe6+ Qg6 40. Ng5
Qxe6 41. Nxe6 1-0

[Event "ENCI Limburg-open B"]
[Site "Maastricht"]
[Date "2012.05.27"]
[Round "5"]
[White "Sofic, Narcis"]
[Black "Moog, Gerhard"]
[Result "1-0"]
[WhiteElo "1871"]
[BlackElo "1964"]
[PlyCount "161"]
[EventDate "2012.05.25"]
[EventType "swiss"]
[EventRounds "7"]
[EventCountry "NED"]
[Source "P.Boonen"]
[SourceDate "2013.01.01"]

1. Nf3 d5 2. d4 c6 3. c4 e6 4. e3 Nf6 5. Nc3 g6 6. Bd3 Bg7 7. O-O O-O 8. Qe2
Nbd7 9. Rd1 Re8 10. cxd5 exd5 11. Qc2 Nb6 12. h3 Bd7 13. Ne5 Rc8 14. Na4 Ne4
15. Nxd7 Qxd7 16. Nc5 Nxc5 17. Qxc5 Qc7 18. Bd2 Nd7 19. Qc2 f5 20. Rac1 Bf8 21.
b4 a6 22. a4 Nf6 23. b5 axb5 24. axb5 Qd7 25. Qb3 Re6 26. bxc6 bxc6 27. Rc2 Ne4
28. Be1 c5 29. dxc5 Nxc5 30. Qb5 Qxb5 31. Bxb5 Rb6 32. Be2 Ra8 33. Rcd2 Rab8
34. Rxd5 Rb1 35. Rxb1 Rxb1 36. Rd1 Rxd1 37. Bxd1 Bd6 38. Kf1 Kf7 39. Ke2 Kf6
40. Bc3+ Be5 41. Bb4 Bd6 42. Be1 g5 43. f3 h5 44. Bc2 g4 45. Bh4+ Ke6 46. hxg4
hxg4 47. fxg4 fxg4 48. Bg6 Nd7 49. e4 Ne5 50. Bf5+ Kf7 51. Bg3 Kf6 52. Bxg4
Nxg4 53. Bxd6 Ke6 54. Bf4 Nf6 55. Kf3 Nd7 56. g4 Nf8 57. g5 Ng6 58. Kg4 Kf7 59.
Bd6 Ke6 60. Kh5 Kf7 61. Kh6 Nh8 62. Be5 Ng6 63. Bf6 Nf8 64. e5 Ne6 65. g6+ Kg8
66. Kh5 Kf8 67. Kg4 Kg8 68. Kf5 Nd4+ 69. Ke4 Ne6 70. Kf5 Nd4+ 71. Kg5 Ne6+ 72.
Kh6 Nd4 73. Kh5 Ne6 74. Kg4 Nd4 75. Kf4 Ne6+ 76. Ke4 Kf8 77. g7+ Kf7 78. Kd5
Nf4+ 79. Kd6 Kg8 80. e6 Nh5 81. Be5 1-0

[Event "ENCI Limburg-open B"]
[Site "Maastricht"]
[Date "2012.05.27"]
[Round "5"]
[White "Turrini, Paolo"]
[Black "Erin, Igor"]
[Result "1-0"]
[WhiteElo "1793"]
[BlackElo "1748"]
[PlyCount "107"]
[EventDate "2012.05.25"]
[EventType "swiss"]
[EventRounds "7"]
[EventCountry "NED"]
[Source "P.Boonen"]
[SourceDate "2013.01.01"]

1. c4 e5 2. g3 Nc6 3. Bg2 Nf6 4. Nc3 Bb4 5. Nd5 Bc5 6. a3 O-O 7. d3 Nxd5 8.
cxd5 Qf6 9. e3 Ne7 10. b4 Bb6 11. Bb2 d6 12. Ne2 Nf5 13. Qc1 Bd7 14. Nc3 Qh6
15. O-O Nxe3 16. Re1 Ng4 17. Qxh6 Nxh6 18. b5 Bd4 19. a4 a6 20. Rab1 f5 21. Ne2
Bb6 22. Nc3 Ng4 23. Re2 f4 24. gxf4 Rxf4 25. Ne4 axb5 26. Bc1 Rff8 27. axb5 Ra5
28. h3 Nf6 29. Ng5 Bxb5 30. Rb3 Ba4 31. Ra3 Bc5 32. Bd2 Ra6 33. Rc3 b5 34. Ne6
b4 35. Nxc5 dxc5 36. Rxc5 b3 37. Bc3 Rb6 38. Rxc7 Rfb8 39. Bb2 Ne8 40. Re7 Rc8
41. R7xe5 Rc2 42. Bf3 Nf6 43. Re6 Rxe6 44. dxe6 Rxe2 45. Bxe2 Kf8 46. Ba3+ Ke8
47. Bf3 Kd8 48. Kf1 Ne8 49. d4 Nc7 50. d5 Bb5+ 51. Ke1 Bc4 52. e7+ Ke8 53. d6
Ne6 54. Bc6+ 1-0

[Event "ENCI Limburg-open B"]
[Site "Maastricht"]
[Date "2012.05.27"]
[Round "5"]
[White "Tutenel, Erik"]
[Black "Snoeks, Marnicq"]
[Result "1-0"]
[WhiteElo "1819"]
[BlackElo "1706"]
[PlyCount "43"]
[EventDate "2012.05.25"]
[EventType "swiss"]
[EventRounds "7"]
[EventCountry "NED"]
[Source "P.Boonen"]
[SourceDate "2013.01.01"]

1. e4 e5 2. Nc3 Nc6 3. Bc4 Nf6 4. d3 d6 5. f4 Be7 6. Nf3 Bg4 7. Be3 O-O 8. f5
a6 9. a3 h6 10. h3 Bxf3 11. Qxf3 Nh7 12. Nd5 Bg5 13. Bxg5 Nxg5 14. Qg4 Nd4 15.
O-O-O Nh7 16. c3 Nc6 17. h4 Ne7 18. f6 Ng6 19. h5 c6 20. hxg6 Nxf6 21. Nxf6+
Qxf6 22. Rdf1 1-0

[Event "ENCI Limburg-open B"]
[Site "Maastricht"]
[Date "2012.05.27"]
[Round "5"]
[White "Van der Scheur, Dirk"]
[Black "Geboers, Jimmy"]
[Result "1-0"]
[WhiteElo "1951"]
[BlackElo "1954"]
[PlyCount "87"]
[EventDate "2012.05.25"]
[EventType "swiss"]
[EventRounds "7"]
[EventCountry "NED"]
[Source "P.Boonen"]
[SourceDate "2013.01.01"]

1. d4 d5 2. c4 e6 3. cxd5 exd5 4. Nc3 Nf6 5. Bg5 Be7 6. e3 c6 7. Bd3 Qb6 8. Qc2
Be6 9. Nf3 Nbd7 10. h3 Bd6 11. O-O h6 12. Bxf6 Nxf6 13. a3 a5 14. Rfc1 O-O 15.
Na4 Qa7 16. Nc5 Bxc5 17. Qxc5 Qxc5 18. Rxc5 Nd7 19. Rc3 Rfc8 20. Rac1 f6 21.
Nd2 Kf7 22. Nb3 a4 23. Nc5 Nxc5 24. dxc5 Rd8 25. Be2 d4 26. exd4 Rxd4 27. Rd1
Rad8 28. Rcd3 Rxd3 29. Rxd3 Rxd3 30. Bxd3 Bd5 31. f4 Ke6 32. g3 f5 33. Be2 Bb3
34. Bf3 Bc2 35. Kf2 Be4 36. Bxe4 fxe4 37. Ke3 Kd5 38. g4 g6 39. h4 h5 40. g5
Kxc5 41. f5 Kd5 42. fxg6 Ke6 43. Kxe4 c5 44. g7 1-0

[Event "ENCI Limburg-open B"]
[Site "Maastricht"]
[Date "2012.05.27"]
[Round "5"]
[White "Wambach, Patrick"]
[Black "Dijkhuis, Sven"]
[Result "1-0"]
[WhiteElo "1847"]
[BlackElo "1712"]
[PlyCount "97"]
[EventDate "2012.05.25"]
[EventType "swiss"]
[EventRounds "7"]
[EventCountry "NED"]
[Source "P.Boonen"]
[SourceDate "2013.01.01"]

1. Nf3 Nf6 2. c4 g6 3. g3 Bg7 4. Bg2 O-O 5. O-O d5 6. cxd5 Nxd5 7. Nc3 c6 8.
Qb3 Nb6 9. d3 Be6 10. Qa3 Na6 11. Bd2 Nc7 12. Rfe1 Nbd5 13. Ng5 Bc8 14. Qb3 h6
15. Nge4 Ne6 16. Nxd5 cxd5 17. Nc3 Nd4 18. Qd1 Be6 19. a3 Qd7 20. e3 Nc6 21. d4
Na5 22. b3 Rac8 23. Na4 Qd8 24. Ra2 Nc6 25. Nc5 b6 26. Nxe6 fxe6 27. Qg4 Qd7
28. Qxg6 e5 29. dxe5 Nxe5 30. Qh5 e6 31. Qe2 d4 32. exd4 Qxd4 33. Bb4 Rfd8 34.
Rd2 Qg4 35. Qxg4 Nxg4 36. Rxd8+ Rxd8 37. Rxe6 Ne5 38. Rd6 Rc8 39. Be4 a5 40.
Bd2 Re8 41. Rxb6 Ng4 42. Bd5+ Kh8 43. Re6 Rd8 44. Bf3 Ne5 45. Be4 Nf7 46. Bxa5
Rc8 47. Rc6 Re8 48. Bf5 Ne5 49. Rc8 1-0

[Event "ENCI Limburg-open B"]
[Site "Maastricht"]
[Date "2012.05.27"]
[Round "5"]
[White "Willen, Ronny"]
[Black "Johnen, Franz"]
[Result "0-1"]
[WhiteElo "1876"]
[BlackElo "1845"]
[PlyCount "90"]
[EventDate "2012.05.25"]
[EventType "swiss"]
[EventRounds "7"]
[EventCountry "NED"]
[Source "P.Boonen"]
[SourceDate "2013.01.01"]

1. e4 c5 2. Nf3 Nc6 3. d4 cxd4 4. Nxd4 e5 5. Nb5 d6 6. N1c3 a6 7. Na3 Nf6 8.
Nc4 b5 9. Ne3 Be6 10. f3 Nd4 11. Bd3 Be7 12. Ncd5 O-O 13. c3 Nc6 14. Bc2 Rc8
15. O-O Na5 16. a4 Nc4 17. axb5 axb5 18. Nxc4 bxc4 19. Be3 Bxd5 20. exd5 Ra8
21. Qd2 Qc7 22. Ba4 Rfb8 23. Bc6 Ra5 24. g4 Bd8 25. g5 Nh5 26. Qe2 g6 27. Rfb1
Rb3 28. Qxc4 Rxa1 29. Rxa1 Rxb2 30. Ra8 Kg7 31. Qa6 Nf4 32. h4 Ne2+ 33. Kf1
Ng3+ 34. Kg1 Nf5 35. Bf2 h6 36. Qa1 Rb8 37. Ra7 Qc8 38. Bd7 Qc4 39. Bxf5 gxf5
40. gxh6+ Kxh6 41. Rxf7 Qd3 42. Qa7 Rb1+ 43. Kg2 Qf1+ 44. Kh2 Qh1+ 45. Kg3
Bxh4# 0-1

[Event "ENCI Limburg-open B"]
[Site "Maastricht"]
[Date "2012.05.27"]
[Round "5"]
[White "Wlogalski, Olivier"]
[Black "Kocur, Marc"]
[Result "1/2-1/2"]
[WhiteElo "1926"]
[BlackElo "1871"]
[PlyCount "114"]
[EventDate "2012.05.25"]
[EventType "swiss"]
[EventRounds "7"]
[EventCountry "NED"]
[Source "P.Boonen"]
[SourceDate "2013.01.01"]

1. b3 e5 2. Bb2 Nc6 3. e3 d6 4. Bb5 Bd7 5. Nc3 a6 6. Bxc6 Bxc6 7. Nf3 g6 8. d4
Bg7 9. d5 Bd7 10. Qd2 Nf6 11. h3 Qe7 12. O-O-O b5 13. Ng5 b4 14. Nce4 Nxe4 15.
Nxe4 f5 16. Ng3 Qh4 17. Nf1 a5 18. Nh2 O-O 19. Nf3 Qd8 20. h4 h6 21. Ne1 Qb8
22. Nd3 Qa7 23. f4 Rfe8 24. h5 a4 25. Qxb4 axb3 26. axb3 Qxe3+ 27. Kb1 Reb8 28.
Qc3 Rc8 29. fxe5 c5 30. Rde1 Qg5 31. Qc4 Rcb8 32. hxg6 Bb5 33. Qc3 Rc8 34. Nc1
c4 35. Qe3 f4 36. Qh3 cxb3 37. Nxb3 Qxg6 38. Qe6+ Qxe6 39. dxe6 dxe5 40. Bxe5
Bc6 41. Bxg7 Kxg7 42. Rh4 f3 43. gxf3 Bxf3 44. Rf4 Bh5 45. Rg1+ Kh7 46. Rd4 Be8
47. Rdg4 Rc7 48. Rg8 Bc6 49. Rxa8 Bxa8 50. Rd1 Kg6 51. Rd7 Rc3 52. Nd4 Re3 53.
Kc1 Re5 54. Ra7 Bg2 55. Kd2 Bh3 56. Ra6 Bg2 57. c4 h5 {.....} 1/2-1/2

[Event "ENCI Limburg-open B"]
[Site "Maastricht"]
[Date "2012.05.28"]
[Round "6"]
[White "Karstens, Lex"]
[Black "Mischke, Daniel"]
[Result "1-0"]
[WhiteElo "1854"]
[BlackElo "1718"]
[PlyCount "75"]
[EventDate "2012.05.25"]
[EventType "swiss"]
[EventRounds "7"]
[EventCountry "NED"]
[Source "P.Boonen"]
[SourceDate "2013.01.01"]

1. d4 Nf6 2. Bg5 Ne4 3. Bf4 c5 4. f3 Qa5+ 5. c3 Nf6 6. d5 d6 7. e4 Nbd7 8. Na3
g6 9. Nc4 Qc7 10. a4 b6 11. Qd2 Bg7 12. Ne2 Ba6 13. Ng3 O-O 14. h4 h5 15. Nxd6
exd6 16. Bxa6 Rfe8 17. O-O Re7 18. Rfd1 Rae8 19. Bb5 Rf8 20. Kh1 Kh8 21. a5 Rb8
22. c4 Kg8 23. Ra2 Ne5 24. axb6 axb6 25. Rda1 Qd8 26. Qc2 Kh7 27. Bg5 Rc7 28.
Qc1 Nd3 29. Qe3 Nb4 30. Qf4 Nxa2 31. Rxa2 Qe7 32. b3 Kg8 33. Re2 Ra8 34. e5
Ra1+ 35. Kh2 dxe5 36. Rxe5 Qd8 37. Re8+ Nxe8 38. Bxd8 1-0

[Event "ENCI Limburg-open B"]
[Site "Maastricht"]
[Date "2012.05.28"]
[Round "6"]
[White "Alvarez Carbajales, Fermin"]
[Black "Bieberle, Gerhart"]
[Result "0-1"]
[WhiteElo "1954"]
[BlackElo "1887"]
[PlyCount "72"]
[EventDate "2012.05.25"]
[EventType "swiss"]
[EventRounds "7"]
[EventCountry "NED"]
[Source "P.Boonen"]
[SourceDate "2013.01.01"]

1. e4 c5 2. Nc3 Nc6 3. g3 g6 4. Bg2 Bg7 5. d3 d6 6. Be3 Nf6 7. h3 Bd7 8. Qd2
Qb6 9. Nge2 e6 10. O-O O-O 11. f4 Ne8 12. f5 exf5 13. exf5 Bxf5 14. Rxf5 gxf5
15. Bh6 Qd8 16. Bxg7 Nxg7 17. Nd5 f6 18. Qh6 Ne5 19. Nef4 a6 20. c3 Ra7 21. d4
cxd4 22. cxd4 Nc6 23. Rc1 a5 24. Rc3 a4 25. g4 Rf7 26. Nh5 Nxh5 27. gxh5 Qf8
28. Qf4 Rg7 29. Qxf5 Nxd4 30. Nxf6+ Kh8 31. Qf2 Ne2+ 32. Qxe2 Qxf6 33. Rc8+ Rg8
34. Rc7 Ra5 35. Kh1 Rag5 36. Rc2 Rxg2 0-1

[Event "ENCI Limburg-open B"]
[Site "Maastricht"]
[Date "2012.05.28"]
[Round "6"]
[White "Begri, Felix"]
[Black "Cornelius, Jorg"]
[Result "0-1"]
[WhiteElo "1893"]
[BlackElo "2036"]
[PlyCount "80"]
[EventDate "2012.05.25"]
[EventType "swiss"]
[EventRounds "7"]
[EventCountry "NED"]
[Source "P.Boonen"]
[SourceDate "2013.01.01"]

1. d4 Nf6 2. c4 c5 3. d5 b5 4. Bg5 Qb6 5. f3 bxc4 6. Bxf6 Qxf6 7. Nc3 g6 8. e4
Ba6 9. Nge2 Bh6 10. Kf2 O-O 11. g3 Qb6 12. Qc2 d6 13. Bh3 Bc8 14. Bxc8 Rxc8 15.
h4 Na6 16. h5 Nb4 17. Qd1 Nd3+ 18. Kg2 Nxb2 19. Qg1 Bg7 20. hxg6 hxg6 21. Qh2
Qa5 22. Qh7+ Kf8 23. Rac1 Nd3 24. Rc2 Rab8 25. e5 Nxe5 26. Nf4 Nd3 27. Ne6+
fxe6 28. Qxg6 Rb2 29. Rxb2 Qxc3 30. Re2 Ne5 31. Qh5 Qd3 32. f4 Qxd5+ 33. Kf2
Nd3+ 34. Kf1 Rb8 35. Qxd5 exd5 36. Kg2 Rb2 37. Kf3 c3 38. Re3 c4 39. Rh5 c2 40.
Rf5+ Bf6 0-1

[Event "ENCI Limburg-open B"]
[Site "Maastricht"]
[Date "2012.05.28"]
[Round "6"]
[White "Behr, Rene Christian"]
[Black "Ringeltaube, Denny"]
[Result "1-0"]
[WhiteElo "1820"]
[BlackElo "1749"]
[PlyCount "55"]
[EventDate "2012.05.25"]
[EventType "swiss"]
[EventRounds "7"]
[EventCountry "NED"]
[Source "P.Boonen"]
[SourceDate "2013.01.01"]

1. c4 e5 2. g3 Nc6 3. Bg2 f5 4. e4 Nf6 5. Nc3 Bb4 6. Nge2 O-O 7. exf5 Bxc3 8.
dxc3 d6 9. Qb3 Kh8 10. Bg5 Qe8 11. h3 Nd7 12. g4 e4 13. Qc2 Nc5 14. O-O h6 15.
Be3 Nd3 16. Ng3 Nde5 17. Qxe4 Qd8 18. Rad1 Re8 19. Qf4 Rf8 20. c5 Ng6 21. Qe4
Re8 22. Qc2 Nh4 23. Nh5 Ne5 24. cxd6 cxd6 25. Rd5 Qe7 26. f6 Qf7 27. Rxd6 Nxg2
28. fxg7+ 1-0